Ecuaciones diferenciales ordinarias /
Guardado en:
| Autor Principal: | |
|---|---|
| Otros Autores: | |
| Formato: | Libro |
| Idioma: | Spanish |
| Publicado: |
México :
Limusa-Wiley,
1968.
|
| Edición: | 1ra. ed. |
| Materias: | |
| Etiquetas: |
Agregar Etiqueta
Sin Etiquetas, Sea el primero en etiquetar este registro!
|
| LEADER | 00609nam a22001815a 4500 | ||
|---|---|---|---|
| 001 | EIQ.libpla004522 | ||
| 008 | 150429s1968####mx#a#####b####000#0#spa#d | ||
| 005 | 20150429122346.0 | ||
| 245 | 1 | 0 | |a Ecuaciones diferenciales ordinarias / |c Carlos Imaz, Zdenek Vorel. |
| 250 | |a 1ra. ed. | ||
| 260 | |a México : |b Limusa-Wiley, |c 1968. | ||
| 300 | |a 245 p. : |b il. ; |c 23 cm. | ||
| 504 | |a Incluye índice. | ||
| 100 | 1 | |a Imaz, Carlos. | |
| 700 | 1 | |a Vorel, Zdenek. | |
| 650 | 7 | |a Ecuaciones diferenciales |x Ecuaciones ordinarias | |
| 650 | 7 | |a Differential equations |x Ordinary equations | |
| 859 | |a AR-BbSID |b BIB. PLAPIQUI |h 515.352 |i Im1 |p 6395 | ||
